| 000 | 01074naa a22003017a 4500 | ||
|---|---|---|---|
| 001 | BR8901550 | ||
| 003 | BR-BrBNA | ||
| 005 | 20240918180438.0 | ||
| 007 | ta | ||
| 008 | 230509b bl.||||| |||| 00| 0 por d | ||
| 040 |
_aBR-BrBNA _bpor _cBiblioteca Nacional de Agricultura |
||
| 041 | _a(Pt) | ||
| 072 | _aF62 | ||
| 090 | _aF62 BR8901550 | ||
| 100 | 1 | _aCardoso, V.J.M. | |
| 100 | 1 | _aFelippe, G.M. | |
| 111 | 1 |
_a5. Congresso da Sociedade Botanica de Sao Paulo _cSao Paulo, SP (Brazil) _d23-27 Sep 1985 |
|
| 245 | 1 | _aGerminaco de Cucumis anguria: efeito de vermelho extremo e temperatura | |
| 260 | 3 |
_aSao Paulo, SP (Brasil): _c1985. |
|
| 500 | _aAnais do 5. Congresso da Sociedade Botanica de Sao Paulo Sao Paulo, SP (Brasil): 1985. p. 23-27 (BR8901550-AM)F62 | ||
| 650 | _aMAXIXE | ||
| 650 | _aGERMINACAO | ||
| 650 | _aRADIACAO LUMINOSA | ||
| 650 | _aTEMPERATURA | ||
| 773 | 0 |
_tAnais do 5. Congresso da Sociedade Botanica de Sao Paulo _wF62 BR8901550 _gSao Paulo, SP (Brasil), 1985. p. 23-27 |
|
| 909 |
_a202404 _bLucia _c55 _dLucia Elande |
||
| 942 |
_cAM _2AGRIS |
||
| 999 |
_c320406 _d320406 |
||